CLIMATOLOGY. (Record no. 1336145)

MARC details
000 -LEADER
fixed length control field 00440nam a2200181Ia 4500
008 - FIXED-LENGTH DATA ELEMENTS--GENERAL INFORMATION
fixed length control field 151202s9999||||xx |||||||||||||| ||und||
082 ## - DEWEY DECIMAL CLASSIFICATION NUMBER
Item number PNVM-69635
100 ## - MAIN ENTRY--PERSONAL NAME
Personal name LAL D.S.
245 ## - TITLE STATEMENT
Title CLIMATOLOGY.
260 ## - PUBLICATION, DISTRIBUTION, ETC. (IMPRINT)
Name of publisher, distributor, etc "SHARDA PUSTAK BHAWAN,11 UNIVERSITY ROAD,ALLAHABAD-211002."
260 ## - PUBLICATION, DISTRIBUTION, ETC. (IMPRINT)
Date of publication, distribution, etc 69635
300 ## - PHYSICAL DESCRIPTION
Extent 448
600 ## - SUBJECT ADDED ENTRY--PERSONAL NAME
Personal name LAL D.S.
630 ## - SUBJECT ADDED ENTRY--UNIFORM TITLE
Uniform title CLIMATOLOGY.
700 ## - ADDED ENTRY--PERSONAL NAME
Personal name LAL D.S.
730 ## - ADDED ENTRY--UNIFORM TITLE
Uniform title CLIMATOLOGY.
942 ## - ADDED ENTRY ELEMENTS (KOHA)
Koha item type Book
Holdings
Withdrawn status Lost status Damaged status Not for loan Home library Current library Date acquired Cost, normal purchase price Total Checkouts Full call number Barcode Date last seen Cost, replacement price Price effective from Koha item type
        Pune Nagar Vachan Mandir, Pune Pune Nagar Vachan Mandir, Pune 06/21/2015 0.00   PNVM-69635 PNVM-69635 12/02/2015 0.00 12/02/2015 Book